Every NASCAR Next Gen Winner - Statistics

General Stats
  • This quiz has been taken 95 times
  • The average score is 25 of 27
Answer Stats
Hint Answer % Correct
8 Wins Denny Hamlin
100%
14 Wins Kyle Larson
98%
3 Wins Martin Truex Jr.
98%
5 Wins Ryan Blaney
98%
11 Wins William Byron
98%
8 Wins Joey Logano
97%
5 Wins Ross Chastain
97%
2 Wins Austin Cindric
95%
6 Wins Chase Elliott
95%
8 Wins Christopher Bell
95%
2 Wins Kevin Harvick
95%
1 Win Kurt Busch
95%
4 Wins Kyle Busch
95%
2 Wins Alex Bowman
94%
5 Wins Chris Buescher
94%
2 Wins Chase Briscoe
92%
2 Wins Daniel Suarez
91%
1 Win Brad Keselowski
89%
1 Win Bubba Wallace
89%
7 Wins Tyler Reddick
89%
2 Wins Austin Dillon
88%
1 Win Harrison Burton
83%
1 Win Shane van Gisbergen
83%
2 Wins Ricky Stenhouse Jr.
80%
1 Win A.J. Allmendinger
77%
1 Win Michael McDowell
75%
1 Win Erik Jones
70%
No matching quizzes found
Score Distribution
Percent of People with Each Score
Percentile by Number Answered
Your Score History
You have not taken this quiz